| 000 | 00734nam a2200229Ia 4500 | ||
|---|---|---|---|
| 003 | OSt | ||
| 005 | 20240920144309.0 | ||
| 008 | 210707s1983 xx 000 0 und d | ||
| 040 | _cAL | ||
| 041 | _aKannada | ||
| 082 | _aK894.9 BHAS | ||
| 100 |
_aBHAIRAPPA (S L) _9133274 _dಭೈರಪ್ಪ (ಎಸ್ ಎಲ್) |
||
| 245 |
_aSatya mattu saundarya. _bಸತ್ಯ ಮತ್ತು ಸೌಂದರ್ಯ |
||
| 260 |
_aBengaluru _bVishva Kannada Sammelana _c1983 |
||
| 300 | _aviii,339 p | ||
| 365 |
_b3 _cINR |
||
| 563 | _aPB | ||
| 650 |
_aKannada Criticism _9133275 |
||
| 650 |
_aBHYRAPPA _9133276 |
||
| 906 | _aAnukaranavada Sadhanavada Sangatyavada Kalavimarse Niyati Sambandha Panthagalu Kurupa Mithye | ||
| 942 |
_2ddc _cBK |
||
| 999 |
_c180201 _d180201 |
||